| 000 | 00720nam a22002297a 4500 | ||
|---|---|---|---|
| 005 | 20240530110606.0 | ||
| 008 | 161105s2015 ua aa f b 000 0 ara d | ||
| 017 |
_a2014/17010 _bمصر. دار الكتب |
||
| 020 | _a9772329885 | ||
| 040 |
_aEG-CaGPL _cEG-CaGPL |
||
| 082 | 0 | 4 |
_221 _a916.216 _bق/ا ق |
| 100 | 0 | _aالسيد بهنسى | |
| 245 | 1 | 2 |
_aالقاهرة سحر المكان / _cالسيد بهنسى |
| 250 | _aط.1 | ||
| 260 | _c2015 . | ||
| 300 |
_a347 ص ؛ _c24 سم . |
||
| 504 | _aببليوجرافية : ص 335 - 346 | ||
| 651 | 0 | 7 |
_2qrmak _aالقاهرة _xتاريخ |
| 651 | 0 | 7 |
_2qrmak _aالقاهرة _xاثار . |
| 942 |
_2ddc _cBK |
||
| 999 |
_c62756 _d62756 |
||